01313nam a22003134a 4500001001200000003000800012006001900020007001500039008004100054010001700095020003800112040002100150035002100171043001200192050002400204082001800228100003200246245017800278260004300456300001400499533015200513650004700665655002900712700005000741700004800791710001700839856012600856999001700982ebr10235198CaPaEBRm u cr cn|||||||||080325s2008 cau s 000 0 eng  z 2008013414 z9780833044228 (pbk. : alk. paper) aCaPaEBRcCaPaEBR a(OCoLC)234317167 an-us---14aKF9650b.D47 2008eb04a347.73/722221 aDertouzos, James N.,d1950-14aThe legal and economic implications of electronic discoveryh[electronic resource] :boptions for future research /cJames N. Dertouzos, Nicholas M. Pace, Robert H Anderson. aSanta Monica, CA :bRand Corp.,c2008. axv, 22 p. aElectronic reproduction.bPalo Alto, Calif. :cebrary,d2013.nAvailable via World Wide Web.nAccess may be limited to ebrary affiliated libraries. 0aElectronic discovery (Law)zUnited States. 7aElectronic books.2local1 aPace, Nicholas M.q(Nicholas Michael),d1955-1 aAnderson, Robert H.q(Robert Helms),d1939-2 aebrary, Inc.40uhttp://site.ebrary.com/lib/rucke/Doc?id=10235198zAn electronic book accessible through the World Wide Web; click to view c38742d38742